书目信息 |
| 题名: |
社会主义核心价值观读本
|
|
| 作者: | 陈健 , 郜发磊 , 任超 主编 | |
| 分册: | ||
| 出版信息: | 北京 国家行政学院出版社 2019 |
|
| 页数: | 153页 | |
| 开本: | 26cm | |
| 丛书名: | ||
| 单 册: | ||
| 中图分类: | D616-49 | |
| 科图分类: | ||
| 主题词: | 社会主义建设--价值论--中国--通俗读物 | |
| 电子资源: | ||
| ISBN: | 978-7-5150-2324-3 | |
| 000 | 01098nam0 2200253 450 | |
| 001 | 012001006057 | |
| 005 | 20131015132408.0 | |
| 010 | @a978-7-5150-2324-3@dCNY29.80 | |
| 100 | @a20190725d2019 em y0chiy50 ea | |
| 101 | 0 | @achi |
| 102 | @aCN@b110000 | |
| 105 | @aa z 000yy | |
| 106 | @ar | |
| 200 | 1 | @a社会主义核心价值观读本@9she hui zhu yi he xin jia zhi guan du ben@b专著@f陈健,郜发磊,任超主编 |
| 210 | @a北京@c国家行政学院出版社@d2019 | |
| 215 | @a153页@c图@d26cm | |
| 330 | @a本书共分六章,第一章、第二章主要阐述了社会主义核心价值观的基本内涵,以及培育和践行社会主义核心价值观的重大意义,第三章至第五章分别从国家层面、社会层面和个人层面,在剖析相关概念内涵的基础上,通过中西对比、古今对比凸显社会主义核心价值观的深刻底蕴。本书第六章还进一步阐述了在新时代背景下,培育和践行社会主义核心价值观的原则与要求、途径与方法。 | |
| 606 | 0 | @a社会主义建设@x价值论@y中国@j通俗读物 |
| 690 | @aD616-49@v5 | |
| 701 | 0 | @a陈健@9chen jian@4主编 |
| 701 | 0 | @a郜发磊@9gao fa lei@4主编 |
| 701 | 0 | @a任超@9ren chao@4主编 |
| 801 | 2 | @aCN@b上海新华@c20191020 |
| 905 | @b1098613-6@dD616-49@e253@f4 | |
| 社会主义核心价值观读本/陈健,郜发磊,任超主编.-北京:国家行政学院出版社,2019 |
| 153页:图;26cm |
| ISBN 978-7-5150-2324-3:CNY29.80 |
| 本书共分六章,第一章、第二章主要阐述了社会主义核心价值观的基本内涵,以及培育和践行社会主义核心价值观的重大意义,第三章至第五章分别从国家层面、社会层面和个人层面,在剖析相关概念内涵的基础上,通过中西对比、古今对比凸显社会主义核心价值观的深刻底蕴。本书第六章还进一步阐述了在新时代背景下,培育和践行社会主义核心价值观的原则与要求、途径与方法。 |
| ● |
| 相关链接 |
|
|
|
|
正题名:社会主义核心价值观读本
索取号:D616-49/253
 
预约/预借
| 序号 | 登录号 | 条形码 | 馆藏地/架位号 | 状态 | 备注 |
| 1 | 1098613 | 210986138 | 第一样本阅览室/ [索取号:D616-49/253] | 在馆 | |
| 2 | 1098614 | 210986147 | 第一借阅区/ [索取号:D616-49/253] | 在馆 | |
| 3 | 1098615 | 210986156 | 第一借阅区/ [索取号:D616-49/253] | 在馆 | |
| 4 | 1098616 | 210986165 | 第一借阅区/ [索取号:D616-49/253] | 在馆 |